000 00353pab a2200157 454500
008 180718b1996 xxu||||| |||| 00| 0 eng d
100 _aBhandari, Arvind
245 _aElectoral reforms
260 _c1996
300 _ap.11
362 _a22 Jul
650 _aElections - India
650 _aElections
773 _aHindustan Times
909 _a33107
999 _c33107
_d33107